000 00709nam a2200241Ia 4500
005 20260430150441.0
008 008 250103s9999 xx 000 0 eng d
037 _aTheses
040 _aCRL
040 _beng
040 _ceng
041 _2eng
041 _aeng
084 _qCRL
100 _aSharma Pooja Au.; Chakraborty Amitava Gu.; Tekchandani Ravi Prakash Gu.
_91237538
245 0 _aSindhi and Punjabi Folk Narratives: A Study of Cultural Continuum and Blurred Boundaries
260 _c2023
300 _a298p.
650 _aArts
700 _aUniversity of Delhi. Faculty of Arts. Deptt. of Modern Indian Languages and Literary Studies
942 _cTH
999 _c1849809
_d1849809